BIBLIOTECA

SENCICO

Sistema de planeación de recursos humanos / (Registro nro. 179)

Detalles MARC
000 -LEADER
fixed length control field 01124nam a2200253Ia 4500
003 - CONTROL NUMBER IDENTIFIER
control field PE SENCICO BE
005 - DATE AND TIME OF LATEST TRANSACTION
control field 20251020182429.0
008 - FIXED-LENGTH DATA ELEMENTS--GENERAL INFORMATION
fixed length control field 200515s9999 xx 000 0 und d
040 ## - CATALOGING SOURCE
Original cataloging agency PE SENCICO BE
Transcribing agency PE SENCICO BE
041 ## - LANGUAGE CODE
Language code of text/sound track or separate title spa
082 ## - DEWEY DECIMAL CLASSIFICATION NUMBER
Classification number 331.11
Item number C7
110 1# - MAIN ENTRY--CORPORATE NAME
Corporate name or jurisdiction name as entry element Colombia.
9 (RLIN) 2433
Subordinate unit Ministerio de Trabajo y Seguridad Social.
-- Servicio Nacional de Aprendizaje
245 #0 - TITLE STATEMENT
Title Sistema de planeación de recursos humanos /
Statement of responsibility, etc. Ministerio de Trabajo y Seguridad Social
250 ## - EDITION STATEMENT
Edition statement 1a ed.
260 ## - PUBLICATION, DISTRIBUTION, ETC.
Place of publication, distribution, etc. Bogotá, D.C. :
Name of publisher, distributor, etc. SENA-Holanda ;
Date of publication, distribution, etc. 1982
300 ## - PHYSICAL DESCRIPTION
Extent 329 p. :
Other physical details tbl., graf. ;
Dimensions 23 cm.
505 0# - FORMATTED CONTENTS NOTE
Formatted contents note Planteamiento del problema -- Planeación educativa -- La planeación de los recursos humanos en el SENA -- Antecedentes del análisis de Mercados de Trabajo en Colombia -- El sistema propuesto -- Mercados de trabajo -- Evaluación -- Análisis interno -- Aplicación regional: el caso de dos regionales
650 ## - SUBJECT ADDED ENTRY--TOPICAL TERM
Topical term or geographic name entry element PUB SENA
650 10 - SUBJECT ADDED ENTRY--TOPICAL TERM
Topical term or geographic name entry element Recursos humanos
9 (RLIN) 932
650 20 - SUBJECT ADDED ENTRY--TOPICAL TERM
Topical term or geographic name entry element Planificación educativa
9 (RLIN) 2434
650 20 - SUBJECT ADDED ENTRY--TOPICAL TERM
Topical term or geographic name entry element Gestión educacional
9 (RLIN) 2436
651 #0 - SUBJECT ADDED ENTRY--GEOGRAPHIC NAME
9 (RLIN) 2435
Geographic name Colombia
942 ## - ADDED ENTRY ELEMENTS (KOHA)
Koha item type Libros
Source of classification or shelving scheme Dewey Decimal Classification
Existencias
Fecha de la última vez que lo usaron Número de ingreso o de inventario Pago total Signatura topográfica completa Código de barras Precio efectivo desde Tipo de documento Estado perdido Sistema de clasificación Estado dañado No es para préstamo Retirado Ubicación permanente Ubicación actual Fecha de adquisición
15/05/2020 2370   331.11/C7 BibLima24070075 15/05/2020 Libros   Dewey Decimal Classification       Biblioteca Central Lima Biblioteca Central Lima 15/05/2020